| 000 | 00709nam a2200217 i 4500 | ||
|---|---|---|---|
| 001 | bg | ||
| 100 | 1 | _aKünstler, Mieczysław Jerzy. | |
| 245 | 0 | 0 |
_aDzieje kultury chińskiej / _cMieczysław Jerzy Künstler. |
| 260 |
_aWarszawa : _bWydawnictwo Naukowe PWN, _c2007. |
||
| 300 |
_a328 s., [16 k.] tabl. kolor. : _bfot., mapy ; _c25 cm. |
||
| 504 | _aBibliogr. s. 323-324. Indeks. | ||
| 651 | 9 |
_aChiny _xkultura _xhistoria _ypodręcznik akademicki |
|
| 020 | _a9788301152260 | ||
| 040 | _cBPK | ||
| 041 | 0 | _apol | |
| 044 | _aPOL | ||
| 080 | _a94(510)::008(075.8) | ||
| 942 | _cKS | ||
| 008 | s pl f |000 0 pol | ||
| 999 |
_c54486 _d54486 |
||
| 856 |
_uhttp://koha.tu.koszalin.pl/cgi-bin/koha/opac-detail.pl?biblionumber=54486 _yKatalog online BPK |
||